新幹線が通過する自治体(1987年) - Statistics

General Stats
  • This quiz has been taken 74 times
  • The average score is 118 of 281
Answer Stats
都道府県 自治体名 % Correct
岩手県 盛岡市
91%
岩手県 花巻市
78%
宮城県 仙台市
74%
東京都 品川区
74%
埼玉県 浦和市
72%
埼玉県 大宮市
72%
神奈川県 横浜市
71%
岩手県 一関市
69%
福島県 福島市
69%
埼玉県 熊谷市
69%
神奈川県 小田原市
69%
神奈川県 川崎市
69%
新潟県 新潟市
69%
愛知県 名古屋市
69%
福岡県 福岡市
69%
栃木県 宇都宮市
67%
埼玉県 与野市
67%
東京都 北区
67%
東京都 千代田区
67%
東京都 港区
67%
滋賀県 大津市
67%
京都府 京都市
67%
岩手県 北上市
66%
福島県 郡山市
66%
福島県 白河市
66%
神奈川県 藤沢市
66%
静岡県 熱海市
66%
静岡県 静岡市
66%
静岡県 沼津市
66%
大阪府 大阪市
66%
山口県 下関市
66%
福岡県 北九州市
66%
岩手県 水沢市
64%
宮城県 白石市
64%
栃木県 小山市
64%
群馬県 高崎市
64%
埼玉県 上尾市
64%
東京都 大田区
64%
東京都 台東区
64%
東京都 中央区
64%
神奈川県 平塚市
64%
静岡県 磐田市
64%
静岡県 掛川市
64%
静岡県 浜松市
64%
静岡県 富士市
64%
静岡県 三島市
64%
愛知県 豊橋市
64%
岡山県 岡山市
64%
岡山県 倉敷市
64%
宮城県 古川市
62%
埼玉県 本庄市
62%
新潟県 長岡市
62%
岐阜県 羽島市
62%
愛知県 一宮市
62%
兵庫県 姫路市
62%
広島県 尾道市
62%
広島県 東広島市
62%
埼玉県 久喜市
60%
岐阜県 大垣市
60%
愛知県 岡崎市
60%
滋賀県 草津市
60%
兵庫県 相生市
60%
山口県 岩国市
60%
神奈川県 真鶴町
59%
新潟県 三条市
59%
新潟県 燕市
59%
静岡県 焼津市
59%
静岡県 函南町
59%
愛知県 蒲郡市
59%
滋賀県 近江八幡市
59%
滋賀県 彦根市
59%
兵庫県 神戸市
59%
広島県 広島市
59%
広島県 福山市
59%
宮城県 名取市
57%
茨城県 古河市
57%
静岡県 島田市
57%
静岡県 清水市
57%
愛知県 安城市
57%
大阪府 高槻市
57%
兵庫県 尼崎市
57%
兵庫県 西宮市
57%
広島県 三原市
57%
山口県 宇部市
57%
山口県 徳山市
57%
栃木県 黒磯市
55%
群馬県 水上町
55%
埼玉県 桶川市
55%
神奈川県 綾瀬市
55%
神奈川県 湯河原町
55%
新潟県 湯沢町
55%
静岡県 袋井市
55%
静岡県 藤枝市
55%
滋賀県 米原町
55%
京都府 長岡京市
55%
兵庫県 明石市
55%
兵庫県 加古川市
55%
山口県 小野田市
55%
福島県 須賀川市
53%
福島県 二本松市
53%
埼玉県 鴻巣市
53%
埼玉県 戸田市
53%
埼玉県 深谷市
53%
京都府 向日市
53%
兵庫県 赤穂市
53%
岩手県 江刺市
52%
栃木県 那須町
52%
神奈川県 二宮町
52%
山口県 山口市
52%
岩手県 平泉町
50%
宮城県 岩沼市
50%
埼玉県 行田市
50%
神奈川県 大和市
50%
神奈川県 大磯町
50%
静岡県 湖西市
50%
兵庫県 芦屋市
50%
兵庫県 高砂市
50%
神奈川県 海老名市
48%
愛知県 大府市
48%
愛知県 刈谷市
48%
滋賀県 守山市
48%
滋賀県 栗東町
48%
群馬県 渋川市
47%
埼玉県 蓮田市
47%
埼玉県 伊奈町
47%
東京都 荒川区
47%
東京都 板橋区
47%
岐阜県 関ケ原町
47%
愛知県 幸田町
47%
大阪府 摂津市
47%
大阪府 島本町
47%
山口県 防府市
47%
福島県 西郷村
45%
岩手県 紫波町
43%
宮城県 蔵王町
43%
宮城県 利府町
43%
埼玉県 栗橋町
43%
新潟県 小千谷市
43%
岐阜県 垂井町
43%
愛知県 稲沢市
43%
愛知県 知立市
43%
滋賀県 野洲町
43%
広島県 大竹市
43%
広島県 海田町
43%
広島県 府中町
43%
福岡県 直方市
43%
栃木県 大田原市
41%
栃木県 矢板市
41%
神奈川県 寒川町
41%
愛知県 西尾市
41%
滋賀県 長浜市
41%
京都府 大山崎町
41%
兵庫県 龍野市
41%
山口県 小郡町
41%
福島県 矢吹町
40%
埼玉県 白岡町
40%
兵庫県 伊丹市
40%
岡山県 笠岡市
40%
山口県 下松市
40%
栃木県 野木町
38%
新潟県 六日町
38%
静岡県 蒲原町
38%
山口県 新南陽市
38%
岩手県 矢巾町
36%
宮城県 大河原町
36%
新潟県 見附市
36%
静岡県 由比町
36%
兵庫県 播磨町
36%
岡山県 備前市
36%
群馬県 月夜野町
34%
埼玉県 上里町
34%
岐阜県 安八町
34%
愛知県 清洲町
34%
宮城県 多賀城市
33%
福島県 伊達町
33%
栃木県 氏家町
33%
群馬県 藤岡市
33%
埼玉県 鷲宮町
33%
静岡県 新居町
33%
静岡県 菊川町
33%
静岡県 長泉町
33%
滋賀県 愛知川町
33%
滋賀県 甲良町
33%
広島県 熊野町
33%
宮城県 柴田町
31%
宮城県 村田町
31%
静岡県 舞阪町
31%
兵庫県 太子町
31%
広島県 竹原市
31%
宮城県 大衡村
29%
福島県 国見町
29%
福島県 桑折町
29%
栃木県 石橋町
29%
栃木県 西那須野町
29%
群馬県 榛東村
29%
埼玉県 岡部町
29%
滋賀県 豊郷町
29%
山口県 山陽町
29%
福岡県 久山町
29%
福岡県 若宮町
29%
岩手県 花泉町
28%
宮城県 | 新潟県 大和町
28%
栃木県 上三川町
28%
新潟県 川口町
28%
静岡県 富士川町
28%
滋賀県 多賀町
28%
広島県 廿日市町
28%
福岡県 鞍手町
28%
福岡県 宮田町
28%
岩手県 前沢町
26%
福島県 泉崎村
26%
福島県 天栄村
26%
埼玉県 吹上町
26%
愛知県 尾西市
26%
岡山県 瀬戸町
26%
滋賀県 安土町
24%
滋賀県 伊吹町
24%
宮城県 大郷町
22%
茨城県 総和町
22%
栃木県 国分寺町
22%
群馬県 高山村
22%
静岡県 榛原町
22%
愛知県 小坂井町
22%
愛知県 西枇杷島町
22%
愛知県 御津町
22%
岡山県 鴨方町
22%
岡山県 金光町
22%
山口県 玖珂町
22%
栃木県 塩谷町
21%
埼玉県 菖蒲町
21%
新潟県 塩沢町
21%
静岡県 豊田町
21%
岡山県 長船町
21%
宮城県 築館町
19%
茨城県 五霞村
19%
広島県 | 栃木県 河内町
19%
兵庫県 揖保川町
19%
岩手県 石鳥谷町
17%
宮城県 三本木町
17%
宮城県 志波姫町
17%
福島県 安達町
17%
新潟県 黒埼町
17%
新潟県 堀之内町
17%
愛知県 新川町
17%
滋賀県 五個荘町
17%
岡山県 船穂町
17%
宮城県 金成町
16%
栃木県 南河内町
16%
群馬県 群馬町
16%
新潟県 中之島町
16%
新潟県 月潟村
16%
滋賀県 山東町
16%
岡山県 真備町
16%
岡山県 山手村
16%
広島県 大野町
16%
広島県 黒瀬町
16%
宮城県 若柳町
14%
栃木県 上河内村
14%
新潟県 味方村
14%
新潟県 潟東村
14%
新潟県 中之口村
14%
静岡県 可美村
14%
滋賀県 近江町
14%
岡山県 清音村
14%
広島県 本郷町
14%
岩手県 都南村
12%
宮城県 瀬峰町
12%
宮城県 高清水町
12%
宮城県 田尻町
12%
福島県 白沢村
12%
福島県 大信村
12%
群馬県 吉岡村
12%
埼玉県 川里村
12%
山口県 楠町
12%
山口県 熊毛町
12%
山口県 周東町
12%
群馬県 小野上村
10%
静岡県 竜洋町
10%
新潟県 栄町
9%
No matching quizzes found
Score Distribution
Percent of People with Each Score
Percentile by Number Answered
Your Score History
You have not taken this quiz